Every D1 college in Ohio - Statistics

General Stats
  • This quiz has been taken 30 times
  • The average score is 10 of 13
Answer Stats
Hint Answer % Correct
Big-12 Cincinnati
96%
Mid-American Ohio
96%
Big 10 Ohio State
96%
Mid-American Akron
83%
Mid-American Miami of Ohio
83%
Mid-American Toledo
83%
Atlantic 10 Dayton
75%
Mid American Bowling Green
71%
Horizon Cleveland State
63%
Mid-American Kent State
63%
Big East Xavier
58%
Horizon Youngstown State
54%
Horizon Wright State
46%
No matching quizzes found
Score Distribution
Percent of People with Each Score
Percentile by Number Answered
Your Score History
You have not taken this quiz